LEADER 01114nam0 22002891i 450 001 SUN0024606 005 20040923120000.0 010 $a88-7726-027-0 100 $a20040923d1992 |0itac50 ba 101 $aita 102 $aIT 105 $a|||| ||||| 200 1 $aPensieri sull'educazione artistica$fRudolf Arnheim$ga cura di Lucia Pizzo Russo 210 $aPalermo$cAesthetica$d[1992] 215 $a112 p.$d22 cm. 606 $aArte$xInsegnamento$2FI$3SUNC011329 620 $dPalermo$3SUNL000013 676 $a707$v21 700 1$aArnheim$b, Rudolf$3SUNV020643$033731 702 1$aPizzo Russo$b, Lucia$3SUNV011259 712 $aAesthetica$3SUNV000035$4650 801 $aIT$bSOL$c20181109$gRICA 912 $aSUN0024606 950 $aBIBLIOTECA DEL DIPARTIMENTO DI ARCHITETTURA E DISEGNO INDUSTRIALE$d01 PREST IAa6(36) $e01 1360 995 $aBIBLIOTECA DEL DIPARTIMENTO DI ARCHITETTURA E DISEGNO INDUSTRIALE$bIT-CE0107$h1360$kPREST IAa6(36)$op$qa 996 $aPensieri sull'Educazione artistica$9869018 997 $aUNICAMPANIA LEADER 02578oam 2200829zu 450 001 9911019238303321 005 20251116151822.0 010 $a3-527-61934-8 035 $a(CKB)1000000000376043 035 $a(SSID)ssj0000353843 035 $a(PQKBManifestationID)11301778 035 $a(PQKBTitleCode)TC0000353843 035 $a(PQKBWorkID)10290545 035 $a(PQKB)11402634 035 $a(EXLCZ)991000000000376043 100 $a20160829d2005 uy 101 0 $aeng 181 $ctxt 182 $cc 183 $acr 200 00$aAmyloid proteins : the beta sheet conformation and disease 210 31$a[Place of publication not identified]$cWiley VCH$d2005 300 $aBibliographic Level Mode of Issuance: Monograph 311 08$a3-527-31072-X 606 $aAmyloidosis 606 $aAmyloid 606 $aProtein Structure, Secondary 606 $aProteins 606 $aProtein Conformation 606 $aMultiprotein Complexes 606 $aProteostasis Deficiencies 606 $aMolecular Conformation 606 $aMacromolecular Substances 606 $aAmino Acids, Peptides, and Proteins 606 $aMetabolic Diseases 606 $aNutritional and Metabolic Diseases 606 $aChemicals and Drugs 606 $aMolecular Structure 606 $aBiochemical Phenomena 606 $aDisease 606 $aChemical Phenomena 606 $aPhenomena and Processes 606 $aAnimal Biochemistry$2HILCC 606 $aHuman Anatomy & Physiology$2HILCC 606 $aHealth & Biological Sciences$2HILCC 615 2$aAmyloidosis. 615 2$aAmyloid. 615 2$aProtein Structure, Secondary. 615 2$aProteins. 615 2$aProtein Conformation. 615 2$aMultiprotein Complexes. 615 2$aProteostasis Deficiencies. 615 2$aMolecular Conformation. 615 2$aMacromolecular Substances. 615 2$aAmino Acids, Peptides, and Proteins. 615 2$aMetabolic Diseases. 615 2$aNutritional and Metabolic Diseases. 615 2$aChemicals and Drugs 615 2$aMolecular Structure. 615 2$aBiochemical Phenomena. 615 2$aDisease. 615 2$aChemical Phenomena. 615 2$aPhenomena and Processes 615 7$aAnimal Biochemistry 615 7$aHuman Anatomy & Physiology 615 7$aHealth & Biological Sciences 702 $aSipe$b Jean D. 801 0$bPQKB 906 $aBOOK 912 $a9911019238303321 996 $aAmyloid proteins : the beta sheet conformation and disease$94418725 997 $aUNINA